[Event "J.J. Dolan Memorial G/45"]
[Site "San Francisco"]
[Date "2005.10.01"]
[Round "2"]
[White "Samak, Alexander"]
[Black "Cohn, Zachary"]
[Result "1-0"]
[WhiteElo "2160"]
[BlackElo "1796"]
[PlyCount "81"]
[EventDate "2005.10.01"]
[EventType "swiss (rapid)"]
[EventRounds "5"]
[EventCountry "USA"]

1. e4 c5 2. Nf3 d6 3. d4 cxd4 4. Nxd4 Nf6 5. Nc3 g6 6. Be3 Bg7 7. Bc4 O-O 8. f3
Nc6 9. Qd2 Qa5 10. O-O-O Bd7 11. h4 Ne5 12. Bb3 Rfc8 13. h5 Rxc3 14. Qxc3 Qxc3
15. bxc3 Nxh5 16. g4 Nf6 17. Bh6 Bxh6+ 18. Rxh6 Rc8 19. Kb2 Nexg4 20. fxg4 Bxg4
21. Rg1 Bh5 22. Nf5 Kf8 23. Rxh5 Nxh5 24. Nh6 f6 25. a4 Rc5 26. Bd5 b5 27. a5
Nf4 28. Bb3 Ne2 29. Rg2 Nxc3 30. Nf5 Nxe4 31. Nd4 Ng5 32. a6 e5 33. Ne2 d5 34.
Nc3 d4 35. Nd5 Kg7 36. Ka3 Rc6 37. Kb4 Rxa6 38. Kxb5 Ra1 39. Nc7 Ne4 40. Kc6
Nc5 41. Bd5 {remainder illegible} 1-0

[Event "J.J. Dolan Memorial G/45"]
[Site "San Francisco"]
[Date "2005.10.01"]
[Round "2"]
[White "Starr, Albert"]
[Black "Roper, Lee"]
[Result "1-0"]
[WhiteElo "1527"]
[BlackElo "1135"]
[PlyCount "69"]
[EventDate "2005.10.01"]
[EventType "swiss (rapid)"]
[EventRounds "5"]
[EventCountry "USA"]

1. b4 e6 2. Bb2 Nf6 3. b5 a6 4. a4 axb5 5. axb5 Rxa1 6. Bxa1 Be7 7. e3 d5 8.
Nf3 Nbd7 9. Be2 O-O 10. O-O Nc5 11. d3 Bd7 12. c4 c6 13. d4 Nce4 14. bxc6 Bxc6
15. c5 b6 16. Ne5 Qc7 17. Nxc6 Qxc6 18. cxb6 Qxb6 19. Nd2 Bb4 20. Nxe4 Nxe4 21.
f3 Nc3 22. Qc2 Rc8 23. Bd1 e5 24. Qd3 exd4 25. exd4 Qa5 26. Bc2 Nb5 27. Qxh7+
Kf8 28. Qh8+ Ke7 29. Qxc8 Qb6 30. Bf5 Nxd4 31. Bxd4 Qxd4+ 32. Kh1 Kf6 33. g4
Bd6 34. Re1 Be5 35. Qd8# 1-0

[Event "J.J. Dolan Memorial G/45"]
[Site "San Francisco"]
[Date "2005.10.01"]
[Round "2"]
[White "Vayntrub, Dmitry"]
[Black "Sowell, Nelson"]
[Result "1-0"]
[WhiteElo "2075"]
[BlackElo "1733"]
[PlyCount "99"]
[EventDate "2005.10.01"]
[EventType "swiss (rapid)"]
[EventRounds "5"]
[EventCountry "USA"]

1. c4 Nf6 2. g3 b6 3. Bg2 Nc6 4. d4 Bb7 5. Nc3 e6 6. a3 a5 7. Nf3 d5 8. O-O Be7
9. cxd5 exd5 10. Bf4 O-O 11. Rc1 Bd6 12. Bg5 Be7 13. Qc2 h6 14. Bxf6 Bxf6 15.
Rfd1 Re8 16. e3 Ne7 17. Ne1 c6 18. Nd3 Bc8 19. Nf4 Bf5 20. Qb3 Rb8 21. Nh5 Ng6
22. Na4 b5 23. Nxf6+ Qxf6 24. Nc5 Bg4 25. Rd2 Bf3 26. Nd7 Qf5 27. Nxb8 Rxb8 28.
Bxf3 Qxf3 29. Qd1 Qf6 30. Rdc2 Re8 31. Rxc6 Qg5 32. Rc8 Rxc8 33. Rxc8+ Kh7 34.
Rc5 h5 35. Qf3 Ne7 36. h4 Qg6 37. Rxb5 Qb1+ 38. Kh2 Qg6 39. Rxa5 Kh6 40. Rc5
Kh7 41. b4 Qd6 42. a4 Qg6 43. b5 f5 44. a5 Qf7 45. b6 Ng8 46. Qxd5 Qe8 47.
Qxf5+ g6 48. Rc7+ Kh8 49. Qe5+ Qxe5 50. dxe5 1-0

[Event "J.J. Dolan Memorial G/45"]
[Site "San Francisco"]
[Date "2005.10.01"]
[Round "3"]
[White "Baginskaite, Camilla"]
[Black "Sontag, Jim"]
[Result "1-0"]
[WhiteElo "2342"]
[BlackElo "1253"]
[PlyCount "51"]
[EventDate "2005.10.01"]
[EventType "swiss (rapid)"]
[EventRounds "5"]
[EventCountry "USA"]

1. d4 f5 2. g3 Nf6 3. Bg2 g6 4. c3 Bg7 5. Qb3 c6 6. Nd2 d5 7. Nh3 Be6 8. Qxb7
Nbd7 9. Qxc6 O-O 10. Qxe6+ Kh8 11. Nf4 Rb8 12. Nxd5 Nb6 13. Nb4 Qd6 14. Qxd6
exd6 15. O-O d5 16. Nf3 Nc4 17. b3 Nd6 18. Bf4 Rbd8 19. Nc6 Rd7 20. Nfe5 Rb7
21. Nxg6+ hxg6 22. Bxd6 Re8 23. Be5 Nd7 24. Bxd5 Nxe5 25. Nxe5 Bxe5 26. Bxb7
1-0

[Event "J.J. Dolan Memorial G/45"]
[Site "San Francisco"]
[Date "2005.10.01"]
[Round "3"]
[White "De Guzman, Ricardo"]
[Black "Vayntrub, Dmitry"]
[Result "1-0"]
[WhiteElo "2458"]
[BlackElo "2075"]
[PlyCount "87"]
[EventDate "2005.10.01"]
[EventType "swiss (rapid)"]
[EventRounds "5"]
[EventCountry "USA"]

1. e4 c5 2. Nf3 d6 3. d4 cxd4 4. Qxd4 Nc6 5. Bb5 Bd7 6. Bxc6 Bxc6 7. Nc3 Nf6 8.
Bg5 e6 9. O-O-O Be7 10. Qd3 Qa5 11. Kb1 b5 12. Nd4 Rc8 13. Nxc6 Rxc6 14. e5 b4
15. Nb5 Nd7 16. Bxe7 Nxe5 17. Qg3 Kxe7 18. Qg5+ Kf8 19. Rxd6 Rxd6 20. Nxd6 f6
21. Qg3 Qd5 22. f4 Nc6 23. Qd3 Qxd3 24. cxd3 Ke7 25. Ne4 Rb8 26. Rc1 Rb6 27.
Rc4 Kd7 28. Kc1 e5 29. fxe5 Nxe5 30. Rd4+ Ke7 31. Kd2 a5 32. Rd5 Ra6 33. Rb5
Ra7 34. h3 Nf7 35. Rb6 Ne5 36. b3 Rd7 37. Nf2 Rd5 38. Ra6 h5 39. Ke3 Nd7 40. d4
f5 41. Nd3 g5 42. Rg6 f4+ 43. Ke4 Nf6+ 44. Rxf6 1-0

[Event "J.J. Dolan Memorial G/45"]
[Site "San Francisco"]
[Date "2005.10.01"]
[Round "4"]
[White "Chan, John"]
[Black "Brown, Nicholas"]
[Result "1-0"]
[WhiteElo "1613"]
[BlackElo "1477"]
[PlyCount "69"]
[EventDate "2005.10.01"]
[EventType "swiss (rapid)"]
[EventRounds "5"]
[EventCountry "USA"]

1. c4 c5 2. Nc3 Nf6 3. g3 e6 4. Bg2 d5 5. cxd5 exd5 6. d3 Be7 7. Nf3 Nc6 8. O-O
O-O 9. a3 Be6 10. Qc2 d4 11. Nd1 Qd7 12. e4 dxe3 13. Bxe3 b6 14. Nc3 Rad8 15.
Rad1 Bf5 16. Ne4 Qc7 17. Bf4 Qc8 18. Rfe1 Nd4 19. Nxd4 Rxd4 20. Be5 Rdd8 21.
Qc3 Nxe4 22. dxe4 Rxd1 23. Rxd1 f6 24. exf5 fxe5 25. Qxe5 Bf6 26. Bd5+ Kh8 27.
Qe4 Bxb2 28. Be6 Qa8 29. Rd5 Bxa3 30. Qa4 Bb2 31. g4 c4 32. g5 Rxf5 33. Rxf5 c3
34. Bb3 Qc8 35. Bc2 {remainder illegible; W won in 36 moves} 1-0

[Event "J.J. Dolan Memorial G/45"]
[Site "San Francisco"]
[Date "2005.10.01"]
[Round "4"]
[White "Dasari, Vishal"]
[Black "Saguid, Vincent"]
[Result "1-0"]
[WhiteElo "1089"]
[BlackElo "1554"]
[PlyCount "51"]
[EventDate "2005.10.01"]
[EventType "swiss (rapid)"]
[EventRounds "5"]
[EventCountry "USA"]

1. e4 d6 2. d4 Nf6 3. Nc3 g6 4. Nf3 Bg7 5. Bc4 c5 6. d5 O-O 7. O-O Bg4 8. h3
Bc8 9. Bg5 h6 10. Bh4 Qb6 11. b3 g5 12. Na4 Qc7 13. Bg3 Nh5 14. Rb1 Nxg3 15.
fxg3 Nd7 16. Nb2 Ne5 17. Nxe5 Bxe5 18. Qh5 Kh7 19. Rxf7+ Rxf7 20. Qxf7+ Bg7 21.
Bd3 Bd7 22. e5+ Kh8 23. Qg6 Kg8 24. Qh7+ Kf8 25. Rf1+ Ke8 26. Qg8+ 1-0

[Event "J.J. Dolan Memorial G/45"]
[Site "San Francisco"]
[Date "2005.10.01"]
[Round "4"]
[White "Goodkind, Lauren"]
[Black "Starr, Albert"]
[Result "1-0"]
[WhiteElo "1782"]
[BlackElo "1527"]
[PlyCount "20"]
[EventDate "2005.10.01"]
[EventType "swiss (rapid)"]
[EventRounds "5"]
[EventCountry "USA"]

1. e4 d6 2. d4 Nf6 3. Nc3 g6 4. f3 Bg7 5. Be3 O-O 6. h4 Nbd7 7. Qd2 c5 8. O-O-O
cxd4 9. Bxd4 a6 10. g4 h5 {remainder illegible; W won in 28 moves} 1-0

[Event "J.J. Dolan Memorial G/45"]
[Site "San Francisco"]
[Date "2005.10.01"]
[Round "4"]
[White "Samak, Alexander"]
[Black "Ratner, Ed"]
[Result "1-0"]
[WhiteElo "2160"]
[BlackElo "1741"]
[PlyCount "28"]
[EventDate "2005.10.01"]
[EventType "swiss (rapid)"]
[EventRounds "5"]
[EventCountry "USA"]

1. e4 e6 2. d4 d5 3. Nd2 c5 4. c3 dxe4 5. Nxe4 cxd4 6. cxd4 Nc6 7. Nf3 f5 8.
Nc3 Bb4 9. Bc4 Nf6 10. O-O Na5 11. Qa4+ Nc6 12. Ne5 Bxc3 13. Nxc6 bxc6 14.
Qxc6+ Bd7 {remainder incorrect; W won in 22 moves} 1-0

[Event "J.J. Dolan Memorial G/45"]
[Site "San Francisco"]
[Date "2005.10.01"]
[Round "4"]
[White "Young, Greg"]
[Black "Baginskaite, Camilla"]
[Result "0-1"]
[WhiteElo "1852"]
[BlackElo "2342"]
[PlyCount "40"]
[EventDate "2005.10.01"]
[EventType "swiss (rapid)"]
[EventRounds "5"]
[EventCountry "USA"]

1. e4 c5 2. Nf3 d6 3. d4 cxd4 4. Nxd4 Nf6 5. Nc3 a6 6. Bd3 Nc6 7. Nb3 g6 8. O-O
Bg7 9. Qe2 O-O 10. f3 b5 11. Be3 Be6 12. Rfe1 Rb8 13. a3 Ne5 14. Bf2 Qc7 15.
Nd2 Rfc8 16. Rac1 Nc4 17. Bxc4 Bxc4 18. b4 a5 19. Rb1 axb4 20. axb4 Rb7 {
remainder illegible; B won in 40 moves} 0-1

[Event "Fall TNM"]
[Site "San Francisco"]
[Date "2005.11.08"]
[Round "2"]
[White "Brown, Nicholas"]
[Black "Woebcke, Carl"]
[Result "0-1"]
[WhiteElo "1471"]
[BlackElo "1718"]
[PlyCount "80"]
[EventDate "2005.11.01"]
[EventType "swiss"]
[EventRounds "8"]
[EventCountry "USA"]

1. d4 d5 2. c4 e6 3. Nc3 Nf6 4. Nf3 Nbd7 5. Bg5 Be7 6. e3 b6 7. cxd5 exd5 8.
Bb5 O-O 9. Bc6 Rb8 10. Bxd5 Nxd5 11. Nxd5 Bxg5 12. Nxc7 Bxe3 13. Nd5 Bh6 14.
O-O Bb7 15. Nc3 Nf6 16. Re1 Bf4 17. Qd3 Re8 18. Ne2 Qd6 19. Nxf4 Qxf4 20. Rxe8+
Rxe8 21. Ne5 Ng4 22. Nxg4 Qxg4 23. f3 Qf4 24. Rd1 Qe3+ 25. Qxe3 Rxe3 26. Kf2
Re7 27. d5 f6 28. Rd4 Kf7 29. g4 Rd7 30. d6 Ke6 31. f4 Rxd6 32. f5+ Ke5 33. Rc4
Rc6 34. Rxc6 Bxc6 35. Ke3 Bd5 36. a3 a5 37. h4 h6 38. h5 Bb3 39. Kf3 Bd1+ 40.
Kg3 a4 0-1

[Event "Fall TNM"]
[Site "San Francisco"]
[Date "2005.11.08"]
[Round "2"]
[White "Bukh, Yefim"]
[Black "Tuvshintugs, Batchimeg"]
[Result "0-1"]
[WhiteElo "1928"]
[BlackElo "2270"]
[PlyCount "60"]
[EventDate "2005.11.01"]
[EventType "swiss"]
[EventRounds "8"]
[EventCountry "USA"]

1. d4 Nf6 2. Nf3 g6 3. b4 Bg7 4. Bb2 d5 5. e3 O-O 6. Nbd2 Bf5 7. Ne5 Nbd7 8. g4
Be6 9. g5 Ne4 10. Nxe4 Nxe5 11. dxe5 dxe4 12. c4 Qc8 13. Qc2 c5 14. Qxe4 cxb4
15. Rc1 Bf5 16. Qg2 Qc7 17. f4 Rfd8 18. Be2 Qa5 19. Bd4 b3+ 20. Kf2 Qxa2 21.
Ra1 Qc2 22. Rhc1 Qd2 23. Bc3 Qd7 24. Bf3 Qc7 25. Kg3 Rd7 26. Ba5 Qc5 27. Qb2
Qxe3 28. Rc3 Qc5 29. Rxb3 Rb8 30. Bxb7 Rbxb7 0-1

[Event "Fall TNM"]
[Site "San Francisco"]
[Date "2005.11.08"]
[Round "2"]
[White "Chan, John"]
[Black "Blagodarsky, Ilya"]
[Result "0-1"]
[WhiteElo "1613"]
[BlackElo "1332"]
[PlyCount "104"]
[EventDate "2005.11.01"]
[EventType "swiss"]
[EventRounds "8"]
[EventCountry "USA"]

1. c4 e6 2. Nc3 Nf6 3. Nf3 Bb4 4. a3 Bxc3 5. bxc3 d5 6. e3 c5 7. cxd5 exd5 8.
Bb5+ Bd7 9. Qa4 O-O 10. O-O Bxb5 11. Qxb5 b6 12. Bb2 a6 13. Qa4 c4 14. Qc2 Nc6
15. a4 Re8 16. Ba3 Qc7 17. g3 h6 18. Rad1 Ne5 19. Nxe5 Rxe5 20. d4 Re6 21. f3
Rae8 22. Bc1 Nh7 23. Rde1 Qe7 24. Qg2 Rg6 25. e4 Qd7 26. exd5 Qxa4 27. f4 Rd6
28. f5 Rxe1 29. Rxe1 Nf6 30. Bf4 Rxd5 31. Be5 Qd7 32. Bxf6 gxf6 33. g4 a5 34.
Qd2 Kg7 35. Re3 Qd8 36. Qe2 Qc7 37. Qf3 Rd7 38. Qe2 b5 39. h4 Qd6 40. Rf3 Rc7
41. Qd2 b4 42. g5 hxg5 43. hxg5 b3 44. gxf6+ Qxf6 45. Qg2+ Kf8 46. Rf4 Rc6 47.
d5 Rb6 48. Rxc4 Qxf5 49. d6 b2 50. Rg4 b1=Q+ 51. Kh2 Qh5+ 52. Kg3 Qd3+ 0-1

[Event "Fall TNM"]
[Site "San Francisco"]
[Date "2005.11.08"]
[Round "2"]
[White "Dorn, Richard"]
[Black "Barrera, Jorge"]
[Result "1-0"]
[WhiteElo "1933"]
[BlackElo "1363"]
[PlyCount "53"]
[EventDate "2005.11.01"]
[EventType "swiss"]
[EventRounds "8"]
[EventCountry "USA"]

1. c4 Nf6 2. Nc3 e6 3. g3 Be7 4. Bg2 O-O 5. d4 c6 6. Nf3 d5 7. O-O Nbd7 8. a4
c5 9. cxd5 cxd4 10. Nxd4 e5 11. Ndb5 a6 12. d6 axb5 13. dxe7 Qxe7 14. Nxb5 Nc5
15. b4 Ne6 16. Qd6 Qxd6 17. Nxd6 Bd7 18. b5 Nc5 19. Be3 Nxa4 20. Bxb7 Ra5 21.
Bb6 Rxb5 22. Nxb5 Bxb5 23. Bc7 Nd7 24. Rfc1 Nac5 25. Bd5 Bxe2 26. Bd6 Rd8 27.
Bxc5 1-0

[Event "Fall TNM"]
[Site "San Francisco"]
[Date "2005.11.08"]
[Round "2"]
[White "Drane, Robert"]
[Black "Robbins, Chuck"]
[Result "1-0"]
[WhiteElo "1843"]
[BlackElo "1577"]
[PlyCount "61"]
[EventDate "2005.11.01"]
[EventType "swiss"]
[EventRounds "8"]
[EventCountry "USA"]

1. Nc3 d5 2. e4 d4 3. Nce2 c5 4. Nf3 Nc6 5. Ng3 Nf6 6. Bb5 Qb6 7. Qe2 Bd7 8.
O-O a6 9. Bxc6 Bxc6 10. a4 Qc7 11. d3 g6 12. Nh4 Bg7 13. f4 O-O 14. f5 b5 15.
Bf4 Qb7 16. Qd2 Ng4 17. h3 Ne5 18. axb5 axb5 19. Rxa8 Rxa8 20. Bh6 Qc7 21. Bxg7
Kxg7 22. fxg6 hxg6 23. Qg5 Rh8 24. Ngf5+ Kf8 25. Nh6 Ke8 26. Qf4 Qd6 27. Nxf7
Nxf7 28. Qxf7+ Kd8 29. Nxg6 Be8 30. Nxh8 Bxf7 31. Nxf7+ 1-0

[Event "Fall TNM"]
[Site "San Francisco"]
[Date "2005.11.08"]
[Round "2"]
[White "Grey, Peter"]
[Black "Naroditsky, Alan"]
[Result "1/2-1/2"]
[WhiteElo "2021"]
[BlackElo "1687"]
[PlyCount "53"]
[EventDate "2005.11.01"]
[EventType "swiss"]
[EventRounds "8"]
[EventCountry "USA"]

1. e4 c5 2. Nf3 d6 3. d4 cxd4 4. Nxd4 Nf6 5. Nc3 a6 6. Be2 b5 7. Bf3 e5 8. Nf5
Bb7 9. Bg5 h6 10. Bxf6 Qxf6 11. Nd5 Qd8 12. Qd2 Nc6 13. a4 g6 14. Nfe3 Nd4 15.
axb5 axb5 16. Rxa8 Bxa8 17. Be2 Bc6 18. O-O Be7 19. f4 O-O 20. c3 Nxe2+ 21.
Qxe2 exf4 22. Rxf4 Bg5 23. Rf1 Re8 24. Qf2 Bxe3 25. Nxe3 Qd7 26. Ng4 Qxg4 27.
Qxf7+ 1/2-1/2

[Event "Fall TNM"]
[Site "San Francisco"]
[Date "2005.11.08"]
[Round "2"]
[White "Ladyzhensky, Boris"]
[Black "Starr, Albert"]
[Result "1-0"]
[WhiteElo "1721"]
[BlackElo "1518"]
[PlyCount "89"]
[EventDate "2005.11.01"]
[EventType "swiss"]
[EventRounds "8"]
[EventCountry "USA"]

1. e4 c5 2. Nf3 e6 3. d4 cxd4 4. Nxd4 a6 5. Be3 b5 6. Bd3 Bb7 7. O-O Nf6 8. a3
Be7 9. Nc3 b4 10. axb4 Bxb4 11. e5 Nd5 12. Nxd5 Bxd5 13. c3 Be7 14. f4 Qc8 15.
f5 Bc5 16. fxe6 dxe6 17. Qh5 Qb7 18. Rf2 Nc6 19. Nf5 exf5 20. Bxc5 g6 21. Qe2
a5 22. Bc4 Ne7 23. Bxe7 Kxe7 24. Re1 Rhc8 25. Bxd5 Qxd5 26. Rd1 Qc5 27. Qd2 Rd8
28. Qg5+ Ke8 29. Re1 Ra6 30. Qh6 Re6 31. Qxh7 Rxe5 32. Qh8+ Kd7 33. Qxe5 Qb6
34. Qd4+ Qxd4 35. cxd4 Kc6 36. Rd2 Kd6 37. Re5 Ra8 38. Kf2 a4 39. Kf3 a3 40.
bxa3 Rxa3+ 41. Kf4 f6 42. Rb5 Kc6 43. Rb8 Ra5 44. Rf8 g5+ 45. Kf3 1-0

[Event "Fall TNM"]
[Site "San Francisco"]
[Date "2005.11.08"]
[Round "2"]
[White "Litowsky, Dan"]
[Black "Hilliard, Michael"]
[Result "1-0"]
[WhiteElo "1710"]
[BlackElo "1435"]
[PlyCount "61"]
[EventDate "2005.11.01"]
[EventType "swiss"]
[EventRounds "8"]
[EventCountry "USA"]

1. e4 c6 2. d4 d5 3. Nc3 dxe4 4. Nxe4 Nf6 5. Nxf6+ gxf6 6. Bf4 Bf5 7. c3 Nd7 8.
Qb3 Qb6 9. Nf3 Qxb3 10. axb3 Nb6 11. c4 Bg7 12. g3 O-O 13. Bg2 e5 14. dxe5 Rfe8
15. O-O fxe5 16. Be3 e4 17. Nd4 Bd7 18. Ra2 Nc8 19. Rd1 Bg4 20. Rd2 c5 21. Nb5
Be5 22. Bxc5 b6 23. Bd4 f5 24. Bxe5 Rxe5 25. b4 Re7 26. b3 Rb8 27. Rd8+ Kg7 28.
Rad2 Kf6 29. Nd6 Rbb7 30. Ne8+ Ke5 31. R2d5+ 1-0

[Event "Fall TNM"]
[Site "San Francisco"]
[Date "2005.11.08"]
[Round "2"]
[White "Livschitz, Jennifer"]
[Black "Kastor, Mark"]
[Result "1/2-1/2"]
[WhiteElo "1230"]
[BlackElo "1667"]
[PlyCount "71"]
[EventDate "2005.11.01"]
[EventType "swiss"]
[EventRounds "8"]
[EventCountry "USA"]

1. e4 c5 2. Nf3 d6 3. d4 cxd4 4. Nxd4 Nc6 5. Nc3 Nf6 6. Bc4 e6 7. f3 Be7 8. Be3
a6 9. Qd2 O-O 10. O-O-O Nxd4 11. Bxd4 b5 12. Bb3 b4 13. Ne2 e5 14. Be3 a5 15.
h4 Qc7 16. Ba4 Bd7 17. Bxd7 Nxd7 18. Kb1 Rfb8 19. Qd3 Nc5 20. Qc4 a4 21. c3 Qb7
22. cxb4 Qxb4 23. Qxb4 Rxb4 24. Bxc5 dxc5 25. Nc3 Rd4 26. h5 h6 27. Nd5 Bg5 28.
Kc2 Rb8 29. Rhe1 Kf8 30. Re2 Rxb2+ 31. Kxb2 Rxd1 32. Ka3 Rd4 33. Rc2 Be7 34.
Nxe7 Kxe7 35. Rxc5 f6 36. Rc2 1/2-1/2

[Event "Fall TNM"]
[Site "San Francisco"]
[Date "2005.11.08"]
[Round "2"]
[White "Mar, Henry"]
[Black "Akol, Haluk"]
[Result "1-0"]
[WhiteElo "1565"]
[BlackElo "1189"]
[PlyCount "83"]
[EventDate "2005.11.01"]
[EventType "swiss"]
[EventRounds "8"]
[EventCountry "USA"]

1. d4 d5 2. e3 e6 3. Nf3 h6 4. Nbd2 Nf6 5. Bd3 Nc6 6. O-O Bd6 7. e4 Bd7 8. e5
Bb4 9. exf6 Qxf6 10. c3 Bd6 11. Re1 O-O-O 12. Ne5 Nxe5 13. dxe5 Bxe5 14. Nf3
Bd6 15. Qe2 b5 16. Be3 e5 17. Nd2 e4 18. Bd4 Qh4 19. g3 Qh3 20. Bc2 Bg4 21. Qf1
Qh5 22. b4 Bh3 23. Qe2 Bg4 24. Qe3 Rhg8 25. Bd1 f5 26. Bxg4 Qxg4 27. Qe2 Qh3
28. Qf1 Qh5 29. a4 c6 30. Nb3 a6 31. axb5 axb5 32. Ra8+ Kd7 33. Rxd8+ Kxd8 34.
Ra1 Kd7 35. Ra7+ Ke6 36. f4 g5 37. Be5 gxf4 38. Bxf4 Rg4 39. Bxd6 Kxd6 40. Qf2
e3 41. Qxe3 Re4 42. Qc5+ 1-0

[Event "Fall TNM"]
[Site "San Francisco"]
[Date "2005.11.08"]
[Round "2"]
[White "McCutchen, Wilmot"]
[Black "Braden, Brian"]
[Result "1-0"]
[WhiteElo "1554"]
[BlackElo "1127"]
[PlyCount "89"]
[EventDate "2005.11.01"]
[EventType "swiss"]
[EventRounds "8"]
[EventCountry "USA"]

1. d4 d5 2. c4 c5 3. dxc5 e6 4. cxd5 Bxc5 5. Nc3 Nf6 6. e4 O-O 7. Be3 Bxe3 8.
fxe3 Nxe4 9. Nxe4 exd5 10. Nc3 d4 11. Qxd4 Qxd4 12. exd4 Re8+ 13. Kd2 Nc6 14.
Nf3 Bg4 15. Bb5 Bxf3 16. gxf3 Rad8 17. Bxc6 Rxd4+ 18. Kc2 bxc6 19. Rhe1 Kf8 20.
Rxe8+ Kxe8 21. Rd1 Rh4 22. Rd2 Ke7 23. Kb3 f5 24. a3 Rh6 25. Kb4 Rf6 26. Ka5
Rf8 27. Ka6 g5 28. Kxa7 h5 29. a4 g4 30. fxg4 fxg4 31. a5 h4 32. a6 g3 33. hxg3
hxg3 34. Ne4 Rg8 35. Rg2 Rg4 36. Nxg3 Kd7 37. Rd2+ Kc7 38. Nf5 Rg8 39. Ne7 Re8
40. Nf5 Re5 41. Nd4 Rd5 42. Ne6+ Kd6 43. Rxd5+ Kxd5 44. Nc7+ Kd6 45. Kb7 1-0

[Event "Fall TNM"]
[Site "San Francisco"]
[Date "2005.11.08"]
[Round "2"]
[White "Naroditsky, Daniel"]
[Black "Yamamoto, Craig"]
[Result "1-0"]
[WhiteElo "1860"]
[BlackElo "1577"]
[PlyCount "39"]
[EventDate "2005.11.01"]
[EventType "swiss"]
[EventRounds "8"]
[EventCountry "USA"]

1. e4 Nf6 2. e5 Nd5 3. d4 d6 4. c4 Nb6 5. exd6 exd6 6. Nf3 Be7 7. Be2 Nc6 8.
O-O Bf5 9. Nc3 Bf6 10. Be3 O-O 11. Rc1 Re8 12. a3 a5 13. h3 Qd7 14. Bd3 Bxd3
15. Qxd3 Ne7 16. Ne4 Qf5 17. c5 Nbd5 18. Nxf6+ Nxf6 19. Qb5 Qd5 20. a4 {
B time exp} 1-0

[Event "Fall TNM"]
[Site "San Francisco"]
[Date "2005.11.08"]
[Round "2"]
[White "Regan, Jack"]
[Black "Sanguinetti, George"]
[Result "0-1"]
[WhiteElo "1555"]
[BlackElo "1941"]
[PlyCount "56"]
[EventDate "2005.11.01"]
[EventType "swiss"]
[EventRounds "8"]
[EventCountry "USA"]

1. Nf3 d5 2. d4 e6 3. c4 c5 4. cxd5 exd5 5. g3 Nc6 6. Nc3 Nf6 7. Bg5 cxd4 8.
Nxd4 Be7 9. Bg2 O-O 10. O-O h6 11. Be3 Re8 12. Nxc6 bxc6 13. Rc1 Qa5 14. Qa4
Qa6 15. Rfe1 Rb8 16. Bxa7 Rxb2 17. Bd4 Qxa4 18. Nxa4 Rxa2 19. Nc3 Ra5 20. e4 c5
21. Bxf6 Bxf6 22. exd5 Rxe1+ 23. Rxe1 Bf5 24. Re3 Kh7 25. Ne4 Ra1+ 26. Bf1 Bh3
27. Nd2 c4 28. f4 Bd4 0-1

[Event "Fall TNM"]
[Site "San Francisco"]
[Date "2005.11.08"]
[Round "2"]
[White "Russell, Joe"]
[Black "Sherwood, Peter"]
[Result "0-1"]
[WhiteElo "1386"]
[BlackElo "1711"]
[PlyCount "58"]
[EventDate "2005.11.01"]
[EventType "swiss"]
[EventRounds "8"]
[EventCountry "USA"]

1. d4 Nf6 2. c4 g6 3. Nc3 d5 4. cxd5 Nxd5 5. e4 Nxc3 6. bxc3 Bg7 7. Bc4 c5 8.
Ne2 O-O 9. O-O Nc6 10. Be3 cxd4 11. cxd4 Bg4 12. f3 Na5 13. Bd3 Be6 14. Qd2 Nc4
15. Bxc4 Bxc4 16. Rfd1 Qd7 17. Rab1 Rfd8 18. d5 b6 19. Nd4 Qa4 20. Nc6 Rd7 21.
Qb4 Qxb4 22. Nxb4 Rc8 23. Rdc1 Rdc7 24. a3 Bb5 25. Rxc7 Rxc7 26. Rc1 Rxc1+ 27.
Bxc1 Bd4+ 28. Kh1 Bc5 29. Bf4 a5 {W time exp} 0-1

[Event "Fall TNM"]
[Site "San Francisco"]
[Date "2005.11.08"]
[Round "2"]
[White "Sainz, Guadalupe"]
[Black "Dunham, Tom"]
[Result "1-0"]
[WhiteElo "1679"]
[BlackElo "1336"]
[PlyCount "129"]
[EventDate "2005.11.01"]
[EventType "swiss"]
[EventRounds "8"]
[EventCountry "USA"]

1. d4 d5 2. c4 c6 3. Nf3 Nf6 4. Nc3 e6 5. e3 Nbd7 6. Qc2 Bd6 7. g4 g6 8. g5 Nh5
9. Bd3 dxc4 10. Bxc4 O-O 11. e4 e5 12. Be3 Qc7 13. O-O-O a5 14. d5 b5 15. Be2
Nf4 16. dxc6 Nxe2+ 17. Nxe2 Nb8 18. Rxd6 Qxd6 19. Bc5 Qe6 20. Bxf8 Kxf8 21.
Qc5+ Kg8 22. Qxe5 Qc4+ 23. Nc3 Be6 24. Qxb5 Nxc6 25. Qxc4 Bxc4 26. Rd1 Re8 27.
a3 Ne5 28. Nxe5 Rxe5 29. f4 Rc5 30. Kd2 Bb3 31. Re1 Kg7 32. Ke3 f6 33. h4 Rc4
34. Re2 fxg5 35. hxg5 h6 36. gxh6+ Kxh6 37. Rd2 Rc6 38. Rd8 Ra6 39. Kd4 Kg7 40.
e5 Kf7 41. Rd6 Ra7 42. Nd5 Bc2 43. Ne3 Bb1 44. Kc5 Rb7 45. Rd2 Ra7 46. Kb6 Ra8
47. Nc4 a4 48. Kb7 Be4+ 49. Kc7 Bf3 50. Rd4 Ke6 51. Nb6 Ra7+ 52. Kd8 Bg4 53.
Rd6+ Kf5 54. Rf6+ Ke4 55. e6 Bxe6 56. Rxe6+ Kxf4 57. Rxg6 Ke5 58. Rc6 Rh7 59.
Nc4+ Kd5 60. Rb6 Rh8+ 61. Kc7 Rh7+ 62. Kb8 Rh4 63. b3 Rh3 64. Ka7 Rh8 65. Nb2
1-0

[Event "Fall TNM"]
[Site "San Francisco"]
[Date "2005.11.08"]
[Round "2"]
[White "Salvo, Tab"]
[Black "Allen, Tom"]
[Result "1-0"]
[WhiteElo "1710"]
[BlackElo "1540"]
[PlyCount "87"]
[EventDate "2005.11.01"]
[EventType "swiss"]
[EventRounds "8"]
[EventCountry "USA"]

1. Nf3 d5 2. c4 c6 3. b3 Bg4 4. g3 Bxf3 5. exf3 Nf6 6. Bg2 e6 7. O-O Bd6 8. Bb2
O-O 9. d4 Nbd7 10. Nd2 c5 11. f4 Rb8 12. Re1 cxd4 13. Bxd4 Bc5 14. Bxc5 Nxc5
15. cxd5 Nxd5 16. Nc4 b5 17. Ne5 Ne7 18. Qe2 Qe8 19. Red1 Rc8 20. Rac1 f6 21.
Ng4 b4 22. Re1 Nf5 23. Red1 Rf7 24. Rc4 Qb5 25. Bf1 Qb6 26. Qe1 a5 27. Bd3 Nd6
28. Rd4 Nf5 29. Rc4 Nd6 30. Rcc1 Re8 31. Bb1 h5 32. Ne3 Nce4 33. Nc4 Nxc4 34.
Qxe4 Nd6 35. Qh7+ Kf8 36. Bg6 f5 37. Qxh5 Ne4 38. Rc2 Nf6 39. Qe2 Rfe7 40. Bxe8
Rxe8 41. Qc4 Qb7 42. Qc5+ Kg8 43. Qc6 Qa7 44. Rd6 1-0

[Event "Fall TNM"]
[Site "San Francisco"]
[Date "2005.11.08"]
[Round "2"]
[White "Stephenson, Lloyd"]
[Black "Snyder, Larry"]
[Result "1/2-1/2"]
[WhiteElo "1782"]
[BlackElo "2070"]
[PlyCount "73"]
[EventDate "2005.11.01"]
[EventType "swiss"]
[EventRounds "8"]
[EventCountry "USA"]

1. c4 Nf6 2. d4 g6 3. Nf3 Bg7 4. g3 d5 5. Bg2 O-O 6. O-O dxc4 7. Nc3 Nfd7 8. e4
Nb6 9. Be3 Nc6 10. h3 f5 11. Qe2 Nxd4 12. Nxd4 Bxd4 13. Bxd4 Qxd4 14. exf5 Rxf5
15. Qxe7 Qe5 16. Rfe1 Qxe7 17. Rxe7 c6 18. Rd1 Rf7 19. Re8+ Kg7 20. Rdd8 Kh6
21. h4 Rd7 22. a3 Rxd8 23. Rxd8 Bf5 24. Rxa8 Nxa8 25. Ne4 Nb6 26. Nc5 Bc8 27.
Bf1 Kg7 28. f4 Kf6 29. Kf2 Ke7 30. Ke3 Nd5+ 31. Kd4 b5 32. Bg2 Kd6 33. Ne4+ Kc7
34. Bf3 Bf5 35. Nc5 Kd6 36. Nb7+ Kc7 37. Nc5 1/2-1/2